James Bond over the years (actors) - Statistics

General Stats
  • This quiz has been taken 31 times
  • The average score is 5 of 7
Answer Stats
Years they played 007 Answer % Correct
2005 - 2021 Daniel Craig
97%
1961 - 68 (1970-71, 1982-83) Sean Connery
93%
1972-1985 Roger Moore
80%
1994 - 2004 Pierce Brosnan
73%
1986-1994 Timothy Dalton
73%
1968-69 George Lazenby
57%
1967 David Niven
23%
No matching quizzes found
Score Distribution
Percent of People with Each Score
Percentile by Number Answered
Your Score History
You have not taken this quiz